Normal view
MARC view
- Govinda Rajan, S R.
Entry Personal Name
001 - CONTROL NUMBER
- control field: 1640
003 - CONTROL NUMBER IDENTIFIER
- control field: OSt
005 - DATE AND TIME OF LATEST TRANSACTION
- control field: 20161006110520.0
008 - FIXED-LENGTH DATA ELEMENTS
- fixed length control field: 161006|| aca||aabn | a|a d
040 ## - CATALOGING SOURCE
- Original cataloging agency: OSt
- Transcribing agency: OSt
100 ## - HEADING--PERSONAL NAME
- Personal name: Govinda Rajan, S R.
670 ## - SOURCE DATA FOUND
- Source citation: Work cat.: (OSt)7657: Govinda Rajan, S R., Practical Physics / , 1959.
